000 00563ntaaa2200205 4500
003 01
005 20251027201900.0
008 0714s1973 ag 01
040 _aAR-BaBN
_bspa
_cAR-BaBN
_eaacr
_dRIC
082 _a230.4200 Sc5
100 _aSchmidt, Albert-Marie
_917315
245 _aJohn Calvin and the calvinistic tradition
250 _a1 ed.
260 _aNY :
_bHarper and Brothers,
_cc1960
300 _a192 p.
500 _aestudio de Juan Calvino (1509-1564) y su teología
650 _aTeología
650 _aJuan Calvino, 1509-1564
942 _cBK
999 _c13508
_d13508